| 000 | 00816nam a2200265Ia 4500 | ||
|---|---|---|---|
| 003 | OSt | ||
| 005 | 20220930185335.0 | ||
| 006 | a|||||r|||| 00| 0 | ||
| 007 | ta | ||
| 008 | 220926b |||||||| |||| 00| 0 eng d | ||
| 020 |
_a9789352807710 _cINR 1095.00 |
||
| 024 | _a44165 | ||
| 037 |
_b218, 05/03/2019, Classic Book Service _cTextbook |
||
| 040 |
_aCRL _cCRL _beng |
||
| 041 |
_2eng _aeng |
||
| 082 | _aX:77.2, Q8 | ||
| 100 |
_aJain Devaki Au. _9557857 |
||
| 245 | 0 |
_aClose encounters of another kind _b women and development economics |
|
| 260 |
_aLos _bAngeles Sage _c2018 |
||
| 300 |
_axxv,398p. _ccm. |
||
| 650 | _a WOMEN | ||
| 650 | _aINDIA - ECONOMIC CONDITIONS | ||
| 942 |
_hX:77.2, Q8 _cTB _2CC |
||
| 999 |
_c889994 _d889994 |
||